000 01079cab a2200265 4500
001 ABS58540
008 090401t1998 xxu||||| |||| 00| 0 eng d
035 _a(Sirsi) u85441
041 _aeng
100 _aHudson, J.
245 _aSpace made safer
260 _c1998
350 _a0
490 _aWaste Management and Research
_vMarch 1998, 25-26(2)
520 _aAn in-depth account of the new legislation, Confined Space Regulations 1997 (SI1997:1713), requiring employers to take responsibility for assessing risks, replacing the Factories Act 1961 s30 on matters of safety. Also looks at the information provided in the accompanying Approved Code of Practice, "Safe Working in Confined Spaces - Approved Code of Practice, Regulations and guidance," HSE.
650 _aCODE OF PRACTICE
650 _aCONFINED SPACE REGULATIONS 1997
650 _aCONFINED SPACES REGULATIONS 1997
650 _aFACTORIES ACT 1961 S30
650 _aRISK MANAGEMENT
650 _aSAFETY
690 _aBUILT ENVIRONMENT-BUILDING STANDARDS
942 _n0
948 _c06/04/1998
999 _c53729
_d53729